[Event "Galatasaray Blitz Chess Tournament"]
[Site "Istanbul"]
[Date "2019.03.24"]
[Round "11.2"]
[White "Arat, Ufuk Sezen"]
[Black "Dastan, Muhammed Batuhan"]
[Result "0-1"]
[WhiteElo "2368"]
[BlackElo "2561"]
[Annotator "TA"]
[PlyCount "152"]
[EventDate "2019.03.24"]
[EventType "swiss"]
[EventCountry "TUR"]
[SourceTitle "playchess.com"]
[Source "ChessBase"]
[SourceQuality "1"]

{[%evp 12,152,29,38,19,9,14,35,89,56,84,39,44,28,21,3,27,12,136,12,12,10,12,16,81,78,98,54,181,39,44,48,89,85,84,77,56,63,56,66,85,79,93,95,116,11,12,14,20,30,61,8,98,8,14,14,14,10,11,19,17,0,18,18,107,103,100,0,0,0,0,0,0,0,4,0,20,23,30,0,0,0,18,0,0,0,0,0,6,0,0,0,8,0,8,0,0,0,0,0,0,0,-2,-3,22,-7,-7,-6,-5,-5,-5,-104,-113,-490,-443,-455,0,0,0,0,0,-75,-77,-624,-614,-1020,-543,-564,-921,-845,-684,-684,-253,-253,-253,-1166,-46,-1121,-46,-29986,-4134,-29988,-29989]} 1. d4 d5 2. c4 dxc4 3. Nf3 Nf6 4. e3 e6 5. Bxc4 c5 6. O-O a6 7. Nbd2 b6 $146 {D27: Queen's Gambit Accepted: Classical main line: 7 e4!? and 7 a4} ({Predecessor:} 7... Nbd7 8. e4 b5 9. e5 bxc4 10. exf6 Nxf6 11. Nxc4 Bd7 12. Re1 Bb5 13. Nce5 Be7 14. a4 Bd7 15. Bg5 {½-½ (45) Grischuk,A (2782)-Caruana,F (2799) Saint Louis 2017}) 8. e4 cxd4 9. e5 Nd5 (9... Nfd7 $14) 10. Ne4 Be7 11. Bg5 O-O 12. Bxe7 Nxe7 13. Qxd4 Nbc6 14. Qe3 Qc7 (14... Nf5 $11 15. Qc3 Bb7) 15. Rac1 (15. Nd6 $16) 15... Nxe5 $11 16. Bxe6 Nxf3+ 17. Qxf3 Qa7 (17... Qe5 $11 18. Bb3 Be6) 18. Bb3 $16 Bf5 19. Nd6 Bg6 (19... Be6 $14) 20. Rfe1 (20. Rfd1 $1 $18) 20... Rad8 $14 21. Qg3 Nf5 22. Nxf5 Bxf5 23. h3 Bg6 24. Rc7 Qb8 25. Ree7 Rc8 26. Qd6 Rxc7 27. Qxc7 h6 28. Qc6 ({White should play} 28. Bxf7+ $16 Bxf7 29. Rxf7 $1 {[%mdl 512]} Qxc7 30. Rxc7) 28... Kh7 $11 29. Rb7 Qe5 {next ...Qe1+ is good for Black.} 30. Qc3 Qd6 31. Rc7 (31. Qe3 $14) 31... Rd8 (31... Qf4 $11) 32. Rc6 (32. Bxf7 $16 Bxf7 33. Rxf7) 32... Qf4 33. Rxb6 Rd2 34. Qe3 Qxe3 35. fxe3 {[%mdl 4096] Endgame KRB-KRB} Be4 36. g4 Rxb2 37. Rxa6 Re2 (37... f6 $11 {remains equal.}) 38. Bxf7 $16 Rxe3 {Strongly threatening ...Rg3+.} 39. Bb3 ({Better is} 39. Re6 $16 Rf3 40. Rxe4 Rxf7 41. Kg2) 39... Rxh3 $11 40. Re6 Bg6 41. Kf2 Rc3 42. Re3 Rc5 43. Kg3 Rg5 44. Kf4 {Threatening Re5.} Rb5 45. Re5 Rb4+ 46. Kg3 Rb6 47. Bc4 Rb4 48. Rc5 Ra4 49. Bb3 Rb4 50. Rc8 Bd3 51. Rc3 Bb1 52. a4 Kg6 53. a5 Rb5 54. a6 {aiming for a7.} Ra5 55. Rc6+ Kg5 56. Rb6 Ra3 57. Kf2 Kxg4 58. Rb4+ Kf5 59. Ba4 $132 {[%mdl 2048] White puts up resistance} Be4 60. a7 Bh1 61. Rb5+ (61. Bc2+ $11 Ke5 62. Ba4) 61... Kf4 $1 $17 62. Ra5 $2 {[%mdl 8192]} (62. Rb4+ $17 Ke5 63. Rh4) 62... Ra2+ 63. Ke1 Ra1+ $2 (63... g5 $19 {White must now prevent ...Ba8.} 64. a8=R Bxa8 65. Rxa8 Kg3) 64. Kd2 $11 Ba8 65. Kc3 g5 66. Kb2 (66. Ra6 $1 $11 {keeps the balance.}) 66... Re1 $17 67. Rb5 $2 {[%mdl 8192]} (67. Ra6 $17) 67... Re7 $19 68. Ra5 h5 69. Bd1 h4 70. Ra4+ Re4 {Threatens to win with ...Rxa4.} 71. Ra6 {and the idea Rf6+ leaves White hopeful.} h3 $2 (71... Rd4 72. Rf6+ Kg3) 72. Rf6+ Kg3 $1 73. Rf8 $2 (73. Rf3+ Kg2 74. Rf8 Rb4+ 75. Kc3) 73... Bb7 $2 (73... h2 $19 74. Bf3 Re2+ $1 {[%mdl 512]} 75. Kb1 Rg2 76. Bxg2 Bxg2) 74. Bf3 $2 {[%mdl 8192]} (74. Rf3+ $15 Kh2 75. Rf7) 74... Re7 $2 (74... h2 $19 {...g4 is the strong threat.} 75. Rf7 {[#]} Re2+ $1 {[%mdl 512]} 76. Kb1 Re1+ 77. Ka2 Bxf3 78. Rxf3+ Kg4) 75. Be2 $2 {[%mdl 8192]} (75. Kc2 $15 Be4+ {[%mdl 64] Discovered Attack} 76. Bxe4 Rxa7 77. Rf3+ Kh4 78. Rf8) 75... h2 (75... Rxe2+ $142 76. Kc1 h2 77. Kd1 h1=Q+ 78. Kxe2 Ba6+ 79. Kd2 Qd5+ 80. Kc3 Qc5+ 81. Kb3 Qxf8 82. Kb2 Qf2+ 83. Kc3 Qxa7 84. Kb4 Qd4+ 85. Ka5 Qc4 86. Kb6 g4 87. Ka7 Qb5 88. Ka8 Qb7#) 76. Rh8 Rxe2+ {Accuracy: White = 31%, Black = 31%.} 0-1

[Event "Galatasaray Blitz Chess Tournament"]
[Site "Istanbul"]
[Date "2019.03.24"]
[Round "11.3"]
[White "Yilmazyerli, Mert"]
[Black "Aghamaliyev, Cemil"]
[Result "1-0"]
[WhiteElo "2425"]
[BlackElo "2493"]
[Annotator "TA"]
[PlyCount "91"]
[EventDate "2019.03.24"]
[EventType "swiss"]
[EventCountry "TUR"]
[SourceTitle "playchess.com"]
[Source "ChessBase"]
[SourceQuality "1"]

{[%evp 22,91,13,11,55,44,74,91,84,70,73,58,85,91,93,98,89,94,149,122,108,97,179,66,65,0,0,0,18,6,114,114,129,95,210,198,227,237,322,0,266,130,204,0,257,253,257,261,248,203,288,154,223,225,314,314,293,282,308,342,285,214,204,196,247,243,1087,1050,1051,993,939,890]} 1. e4 e5 2. Nc3 Nf6 3. Nf3 Nc6 4. g3 d5 5. exd5 Nxd5 6. Bg2 Nxc3 7. bxc3 Bc5 8. O-O O-O 9. Re1 Qf6 10. d3 h6 11. Be3 {C47: Scotch Four Knights and Four Knights with 4 g3} Bb6 12. Nd2 {LiveBook: 13 Games} Be6 13. a4 {[%cal Ba2a4,Ba4a5][%mdl 32] White is slightly better.} Rad8 {[#]} 14. Bxc6 $146 ({Predecessor:} 14. Qh5 Bd5 15. Ne4 Qe6 16. Bh3 f5 17. Nd2 Qe8 18. Qxe8 Rdxe8 {½-½ (31) Amonatov,F (2620)-Tomashevsky,E (2716) Doha 2016}) 14... bxc6 15. a5 Bxe3 16. Rxe3 Bf5 17. Qe1 Rfe8 18. f4 Rb8 19. Nb3 h5 (19... e4 $142) 20. Rxe5 Rxe5 21. fxe5 Qg6 (21... Qg5 $16 {might work better.}) 22. Nd4 (22. Qf2 $18) 22... h4 $14 23. Kf2 c5 24. Nf3 hxg3+ 25. hxg3 Rb2 (25... c4 $11 26. Rb1 Re8) 26. Qc1 $16 Rb8 27. Rb1 Re8 (27... Rxb1 $16 28. Qxb1 Qh6) 28. Qf4 $18 {[#] aiming for Nh4.} Bd7 29. Rb7 Qc6 30. Rb1 $2 (30. Ng5 $18 Rf8 31. Rxa7) 30... Qd5 $2 {[%mdl 8192]} (30... Qg6 $1 $11 {and Black has nothing to worry.}) 31. Rh1 (31. c4 $18 {is the precise move to win.} Qc6 32. Ng5) 31... Bc6 (31... Qa2 $16) 32. Rh4 $2 $40 {[%mdl 128] [#] Black needs to defend precisely.} (32. c4 $18 Qxf3+ 33. Qxf3 Bxf3 34. Kxf3) 32... Rb8 $2 {[%mdl 8192]} (32... Qa2 $11) 33. c4 Qxf3+ 34. Qxf3 Bxf3 35. Kxf3 {[%mdl 4096] Endgame KR-KR} Rb2 (35... Rb1 $142 36. e6 f6) 36. Rh2 ({Better is} 36. e6 $18) 36... Ra2 (36... Rb1 $16 37. e6 f6) 37. Ke4 c6 38. e6 fxe6 39. Ke5 Kf7 40. Kd6 Rxa5 41. Kxc6 Ke7 42. Re2 Ra1 (42... g6 {is a better defense.} 43. Rf2 Ra1 44. Kxc5 a5) 43. Kxc5 a5 $2 (43... Kd7 44. d4 Ra6) 44. d4 {White is clearly winning.} Kd7 45. d5 exd5 46. cxd5 {Precision: White = 62%, Black = 20%.} 1-0

[Event "Galatasaray Blitz Chess Tournament"]
[Site "Istanbul"]
[Date "2019.03.24"]
[Round "11.4"]
[White "Yurtseven, Melih"]
[Black "Ozturk, Kubra"]
[Result "1-0"]
[WhiteElo "2390"]
[BlackElo "2344"]
[Annotator "NA"]
[PlyCount "73"]
[EventDate "2019.03.24"]
[EventType "swiss"]
[EventCountry "TUR"]
[SourceTitle "playchess.com"]
[Source "ChessBase"]
[SourceQuality "1"]
[TimeControl "180+2"]

1. Nf3 {[%emt 0:00:00]} d5 {[%emt 0:00:00]} 2. c4 {[%emt 0:00:03]} d4 {[%emt 0:00:00]} 3. b4 {[%emt 0:00:04]} c5 {[%emt 0:00:26]} 4. a3 {[%emt 0:00:21]} e6 {[%emt 0:00:39]} 5. g3 {[%emt 0:00:19]} cxb4 {[%emt 0:00:05]} 6. axb4 {[%emt 0:00:01]} Bxb4 {[%emt 0:00:49]} 7. Qa4+ {[%emt 0:00:04]} Nc6 {[%emt 0:00:01]} 8. Ne5 {[%emt 0:00:00]} a5 {[%emt 0:00:12]} 9. Bg2 {[%emt 0:00:18]} Bd7 {[%emt 0:00:04]} 10. Nxd7 {[%emt 0:00:02]} Qxd7 {[%emt 0:00:06]} 11. O-O {[%emt 0:00:05]} Nge7 {[%emt 0:00:06]} 12. d3 {[%emt 0:00:03]} O-O {[%emt 0:00:05]} 13. Na3 {[%emt 0:00:01]} Rab8 {[%emt 0:00:21]} 14. Nc2 {[%emt 0:00:09]} Bc3 {[%emt 0:00:03]} 15. Rb1 {[%emt 0:00:05]} Ne5 {[%emt 0:00:14]} 16. Qa2 {[%emt 0:00:27]} b5 {[%emt 0:00:03]} 17. Bf4 {[%emt 0:00:10]} N7g6 {[%emt 0:00:00]} 18. cxb5 {[%emt 0:00:12]} Rxb5 {[%emt 0:00:00]} 19. Rxb5 {[%emt 0:00:08]} Qxb5 {[%emt 0:00:02]} 20. Rb1 {[%emt 0:00:02]} Qc5 {[%emt 0:00:02]} 21. Bc1 {[%emt 0:00:02]} Qc7 {[%emt 0:00:02]} 22. Qb3 {[%emt 0:00:10]} h6 {[%emt 0:00:02]} 23. Ba3 {[%emt 0:00:00]} Rc8 {[%emt 0:00:04]} 24. Qb5 {[%emt 0:00:05]} Qd7 {[%emt 0:00:05]} 25. Qb6 {[%emt 0:00:18]} Qc7 {[%emt 0:00:07]} 26. Qb3 {[%emt 0:00:03]} Nd7 {[%emt 0:00:11]} 27. h4 {[%emt 0:00:07]} Rb8 {[%emt 0:00:04]} 28. Qa2 {[%emt 0:00:02]} Rxb1+ {[%emt 0:00:02]} 29. Qxb1 {[%emt 0:00:02]} Qb6 {[%emt 0:00:02]} 30. Qxb6 {[%emt 0:00:02]} Nxb6 {[%emt 0:00:02]} 31. Bc5 {[%emt 0:00:02]} Nd7 {[%emt 0:00:02]} 32. Bxd4 {[%emt 0:00:02]} Bxd4 {[%emt 0:00:02]} 33. Nxd4 {[%emt 0:00:02]} a4 {[%emt 0:00:02]} 34. Bc6 {[%emt 0:00:02]} Nc5 {[%emt 0:00:02]} 35. Nc2 {[%emt 0:00:02]} Ne5 {[%emt 0:00:02]} 36. Bb5 {[%emt 0:00:02]} Ned7 {[%emt 0:00:02]} 37. d4 {[%emt 0:00:02]} 1-0

[Event "Galatasaray Blitz Chess Tournament"]
[Site "Istanbul"]
[Date "2019.03.24"]
[Round "11.5"]
[White "Tuncer, Tuna"]
[Black "Gulbas, Cemil"]
[Result "0-1"]
[WhiteElo "2371"]
[BlackElo "2404"]
[Annotator "NA"]
[PlyCount "50"]
[EventDate "2019.03.24"]
[EventType "swiss"]
[EventCountry "TUR"]
[SourceTitle "playchess.com"]
[Source "ChessBase"]
[SourceQuality "1"]
[TimeControl "180+2"]

1. e4 {[%emt 0:00:00]} c5 {[%emt 0:00:01]} 2. Nf3 {[%emt 0:00:01]} e6 {[%emt 0:00:00]} 3. Nc3 {[%emt 0:00:08]} a6 {[%emt 0:00:06]} 4. d4 {[%emt 0:00:03]} cxd4 {[%emt 0:00:03]} 5. Nxd4 {[%emt 0:00:02]} d6 {[%emt 0:00:03]} 6. Be2 {[%emt 0:00:07]} Nf6 {[%emt 0:00:11]} 7. O-O {[%emt 0:00:04]} Be7 {[%emt 0:00:02]} 8. Be3 {[%emt 0:00:05]} O-O {[%emt 0:00:09]} 9. f4 {[%emt 0:00:03]} Nc6 {[%emt 0:00:06]} 10. Kh1 {[%emt 0:00:24]} Bd7 {[%emt 0:00:01]} 11. Qe1 {[%emt 0:00:03]} Rc8 {[%emt 0:00:15]} 12. Qg3 {[%emt 0:00:04]} b5 {[%emt 0:00:11]} 13. a3 {[%emt 0:00:16]} Na5 {[%emt 0:00:16]} 14. e5 {[%emt 0:00:19]} Ne8 {[%emt 0:00:02]} 15. Rad1 {[%emt 0:00:29]} Nc4 {[%emt 0:00:07]} 16. Bxc4 {[%emt 0:00:17]} Rxc4 {[%emt 0:00:02]} 17. f5 {[%emt 0:00:16]} dxe5 {[%emt 0:00:18]} 18. Nf3 {[%emt 0:00:24]} Bd6 {[%emt 0:00:19]} 19. f6 {[%emt 0:00:07]} Qxf6 {[%emt 0:00:12]} 20. Nd2 {[%emt 0:00:06]} Rf4 {[%emt 0:00:10]} 21. Nce4 {[%emt 0:00:02]} Rxf1+ {[%emt 0:00:06]} 22. Rxf1 {[%emt 0:00:02]} Qe7 {[%emt 0:00:02]} 23. Nxd6 {[%emt 0:00:10]} Qxd6 {[%emt 0:00:03]} 24. Ne4 {[%emt 0:00:01]} Qd5 {[%emt 0:00:11]} 25. Qh4 {[%emt 0:00:13]} Bc6 {[%emt 0:00:11]} 0-1

[Event "Galatasaray Blitz Chess Tournament"]
[Site "Istanbul"]
[Date "2019.03.24"]
[Round "12.1"]
[White "Gokerkan, Cem Kaan"]
[Black "Tuncer, Tuna"]
[Result "1-0"]
[WhiteElo "2419"]
[BlackElo "2371"]
[Annotator "NA"]
[PlyCount "75"]
[EventDate "2019.03.24"]
[EventType "swiss"]
[EventCountry "TUR"]
[SourceTitle "playchess.com"]
[Source "ChessBase"]
[SourceQuality "1"]
[TimeControl "180+2"]

1. e4 {[%emt 0:00:00]} c5 {[%emt 0:00:00]} 2. Ne2 {[%emt 0:00:02]} Nc6 {[%emt 0:00:02]} 3. g3 {[%emt 0:00:02]} g6 {[%emt 0:00:02]} 4. Bg2 {[%emt 0:00:02]} Bg7 {[%emt 0:00:02]} 5. c3 {[%emt 0:00:02]} e5 {[%emt 0:00:02]} 6. O-O {[%emt 0:00:02]} Nge7 {[%emt 0:00:02]} 7. d3 {[%emt 0:00:02]} O-O {[%emt 0:00:02]} 8. Na3 {[%emt 0:00:02]} d6 {[%emt 0:00:02]} 9. Nc2 {[%emt 0:00:02]} Be6 {[%emt 0:00:50]} 10. d4 {[%emt 0:00:58]} cxd4 {[%emt 0:00:00]} 11. cxd4 {[%emt 0:00:02]} d5 {[%emt 0:00:02]} 12. dxe5 {[%emt 0:00:02]} dxe4 {[%emt 0:00:02]} 13. Bg5 {[%emt 0:00:41]} Bxe5 {[%emt 0:00:18]} 14. Nc3 {[%emt 0:00:08]} f5 {[%emt 0:00:13]} 15. Qe2 {[%emt 0:00:25]} Qb6 {[%emt 0:00:39]} 16. Rab1 {[%emt 0:00:04]} Nd5 {[%emt 0:00:09]} 17. Nxd5 {[%emt 0:00:13]} Bxd5 {[%emt 0:00:02]} 18. Be3 {[%emt 0:00:17]} Qc7 {[%emt 0:00:03]} 19. b4 {[%emt 0:00:06]} Qf7 {[%emt 0:00:13]} 20. Bc5 {[%emt 0:00:02]} Bc4 {[%emt 0:00:06]} 21. Qe3 {[%emt 0:00:08]} Bxf1 {[%emt 0:00:03]} 22. Bxf1 {[%emt 0:00:08]} Rfd8 {[%emt 0:00:10]} 23. f3 {[%emt 0:00:02]} b6 {[%emt 0:00:04]} 24. b5 {[%emt 0:00:10]} Na5 {[%emt 0:00:10]} 25. Bd4 {[%emt 0:00:04]} Bxd4 {[%emt 0:00:05]} 26. Nxd4 {[%emt 0:00:00]} Qd5 {[%emt 0:00:07]} 27. Rd1 {[%emt 0:00:02]} Rac8 {[%emt 0:00:02]} 28. Bg2 {[%emt 0:00:03]} Rc4 {[%emt 0:00:09]} 29. fxe4 {[%emt 0:00:01]} Qe5 {[%emt 0:00:00]} 30. Qg5 {[%emt 0:00:05]} Rcxd4 {[%emt 0:00:09]} 31. Qxd8+ {[%emt 0:00:00]} Rxd8 {[%emt 0:00:02]} 32. Rxd8+ {[%emt 0:00:00]} Kg7 {[%emt 0:00:02]} 33. exf5 {[%emt 0:00:00]} Qe1+ {[%emt 0:00:02]} 34. Bf1 {[%emt 0:00:00]} gxf5 {[%emt 0:00:02]} 35. Rd7+ {[%emt 0:00:02]} Kf6 {[%emt 0:00:02]} 36. Rd6+ {[%emt 0:00:02]} Ke5 {[%emt 0:00:02]} 37. Rd7 {[%emt 0:00:02]} Nc4 {[%emt 0:00:02]} 38. Re7+ {[%emt 0:00:02]} 1-0

[Event "Galatasaray Blitz Chess Tournament"]
[Site "Istanbul"]
[Date "2019.03.24"]
[Round "12.2"]
[White "Gulbas, Cemil"]
[Black "Yurtseven, Melih"]
[Result "0-1"]
[WhiteElo "2404"]
[BlackElo "2390"]
[Annotator "NA"]
[PlyCount "63"]
[EventDate "2019.03.24"]
[EventType "swiss"]
[EventCountry "TUR"]
[SourceTitle "playchess.com"]
[Source "ChessBase"]
[SourceQuality "1"]
[TimeControl "180+2"]

1. e4 {[%emt 0:00:00]} c6 {[%emt 0:00:00]} 2. d4 {[%emt 0:00:02]} d5 {[%emt 0:00:02]} 3. e5 {[%emt 0:00:02]} Bf5 {[%emt 0:00:02]} 4. Nc3 {[%emt 0:00:02]} e6 {[%emt 0:00:02]} 5. g4 {[%emt 0:00:02]} Bg6 {[%emt 0:00:02]} 6. Nge2 {[%emt 0:00:02]} h6 {[%emt 0:00:02]} 7. Be3 {[%emt 0:00:02]} Nd7 {[%emt 0:00:02]} 8. Qd2 {[%emt 0:00:02]} Ne7 {[%emt 0:00:02]} 9. f4 {[%emt 0:00:02]} Bh7 {[%emt 0:00:02]} 10. O-O-O {[%emt 0:00:02]} b5 {[%emt 0:00:02]} 11. Ng3 {[%emt 0:00:02]} Nb6 {[%emt 0:00:02]} 12. b3 {[%emt 0:00:02]} a5 {[%emt 0:00:02]} 13. Bd3 {[%emt 0:00:02]} Bxd3 {[%emt 0:00:02]} 14. Qxd3 {[%emt 0:00:37]} a4 {[%emt 0:01:03]} 15. Kb1 {[%emt 0:00:01]} Qd7 {[%emt 0:00:57]} 16. f5 {[%emt 0:00:07]} g6 {[%emt 0:00:19]} 17. fxe6 {[%emt 0:00:07]} Qxe6 {[%emt 0:00:20]} 18. Rhf1 {[%emt 0:00:09]} Bg7 {[%emt 0:00:01]} 19. Qd2 {[%emt 0:00:23]} Qxg4 {[%emt 0:00:04]} 20. Nce2 {[%emt 0:00:28]} g5 {[%emt 0:00:11]} 21. Qb4 {[%emt 0:00:20]} Qe6 {[%emt 0:00:02]} 22. Nh5 {[%emt 0:00:04]} O-O {[%emt 0:00:06]} 23. h4 {[%emt 0:00:17]} axb3 {[%emt 0:00:01]} 24. axb3 {[%emt 0:00:03]} Nc4 {[%emt 0:00:04]} 25. Bc1 {[%emt 0:00:11]} c5 {[%emt 0:00:07]} 26. Qxb5 {[%emt 0:00:21]} Rfb8 {[%emt 0:00:01]} 27. Qxb8+ {[%emt 0:00:14]} Rxb8 {[%emt 0:00:02]} 28. hxg5 {[%emt 0:00:05]} hxg5 {[%emt 0:00:03]} 29. Nf6+ {[%emt 0:00:04]} Kf8 {[%emt 0:00:04]} 30. Bxg5 {[%emt 0:00:02]} Ng6 {[%emt 0:00:02]} 31. Rh1 {[%emt 0:00:02]} Qa6 {[%emt 0:00:01]} 32. dxc5 {[%emt 0:00:05]} 0-1

[Event "Galatasaray Blitz Chess Tournament"]
[Site "Istanbul"]
[Date "2019.03.24"]
[Round "12.3"]
[White "Ozturk, Kubra"]
[Black "Yilmazyerli, Mert"]
[Result "0-1"]
[WhiteElo "2344"]
[BlackElo "2425"]
[Annotator "TA"]
[PlyCount "46"]
[EventDate "2019.03.24"]
[EventType "swiss"]
[EventCountry "TUR"]
[SourceTitle "playchess.com"]
[Source "ChessBase"]
[SourceQuality "1"]

{[%evp 17,46,29,27,0,34,33,36,10,14,11,7,-7,0,0,0,0,0,-44,-48,-40,-16,-49,-51,-56,-47,-70,-68,-88,-102,-353,-353]} 1. d4 g6 2. c4 Bg7 3. Nf3 d6 4. e4 Bg4 5. Be2 Nc6 6. Be3 e5 7. d5 Bxf3 8. Bxf3 Nd4 9. Bxd4 exd4 10. Nd2 {A41: 1 d4 d6: Tartakower System and Modern Defence} (10. O-O Ne7 11. Na3 c5 12. Nc2 O-O 13. Ne1 a6 14. Be2 Rb8 15. a4 Nc8 16. a5 Re8 17. Qc2 Qe7 {1-0 (54) Van Wely,L (2695)-Degraeve,J (2591) chess.com INT 2017}) 10... c5 11. dxc6 $1 bxc6 12. e5 {White is slightly better.} Ne7 13. exd6 Qxd6 14. O-O O-O 15. Ne4 Qb4 16. Qb3 Qa5 $146 17. c5 Rab8 18. Qc2 Nd5 19. Nd6 {[#]} d3 $1 $36 {[%mdl 2560] Black fights for an advantage.} 20. Qxd3 Qxc5 21. Ne4 Qa5 22. Rac1 Rxb2 23. Rxc6 $2 {[%mdl 8192] [#]} (23. Rfd1 $17) 23... Nb4 {[%mdl 64] Double Attack} ({Weaker is} 23... Qxa2 24. Ra6 $15) 0-1

[Event "Galatasaray Blitz Chess Tournament"]
[Site "Istanbul"]
[Date "2019.03.24"]
[Round "12.4"]
[White "Aghamaliyev, Cemil"]
[Black "Arat, Ufuk Sezen"]
[Result "1-0"]
[WhiteElo "2493"]
[BlackElo "2368"]
[Annotator "TA"]
[PlyCount "117"]
[EventDate "2019.03.24"]
[EventType "swiss"]
[EventCountry "TUR"]
[SourceTitle "playchess.com"]
[Source "ChessBase"]
[SourceQuality "1"]

{[%evp 9,117,46,72,87,79,12,44,-11,0,-1,-5,-20,-27,-18,-25,-69,-41,-68,-76,-91,0,0,0,0,0,12,5,0,40,1,55,84,84,85,68,-37,43,11,102,101,108,110,112,95,119,98,102,96,72,21,124,108,151,150,137,110,148,141,163,145,145,-172,262,257,191,0,0,0,0,0,5,13,14,-24,-5,-5,0,-10,-2,-5,-3,-46,6,0,0,0,0,0,0,0,0,0,100,-58,-36,-120,-21,-212,-196,-1470,-105,-94,0,0,29990,29991,29997,29998,29998,29999]} 1. d4 Nf6 2. Nc3 g6 3. e4 d6 4. f4 Bg7 5. Nf3 Na6 (5... O-O 6. Bd3 Nc6 7. e5 dxe5 8. fxe5 Nh5 9. Be3 Bg4 10. Be2 f6 11. exf6 exf6 12. O-O Re8 13. Qd2 Ne7 14. h3 Be6 15. Bf2 Nf5 16. Rae1 Bh6 17. Qd3 Nhg3 18. Bxg3 Nxg3 19. Rf2 Bf5 {0-1 (32) Shirov,A (2643)-Saric,I (2695) St Petersburg 2018}) 6. e5 {B09: Pirc Defence: Austrian Attack} Nd7 7. Ne4 $146 (7. h4 $16) ({Predecessor:} 7. Bxa6 bxa6 8. O-O O-O 9. Be3 Bb7 10. Qe2 Nb6 11. Rad1 Qc8 12. Qf2 f6 13. exd6 exd6 {1-0 (65) Grcic,V (2083)-Ilijc,M (2170) Novi Sad 2016}) 7... O-O 8. Be3 (8. h4 $14) 8... c5 $1 $11 9. c3 cxd4 10. cxd4 Nb6 11. Qd2 Nd5 12. Bf2 Bf5 13. Bd3 Nab4 14. Bb1 Bg4 (14... Bh6 $17 {Hoping for ...dxe5.} 15. Bg3 dxe5 16. Nxe5 f6) 15. a3 Nc6 16. Ba2 Bxf3 17. gxf3 dxe5 18. dxe5 e6 19. O-O Bh6 ({Better is} 19... Nce7 $11) 20. Bxd5 $1 $14 exd5 21. Nf6+ {[%mdl 64] Double Attack} Kh8 22. Bg3 (22. Bc5 $14) 22... Ne7 (22... Nxe5 $15 23. Nxd5 Nc6) 23. Rad1 {[%cal Rf6d5]} Bg7 (23... Qb6+ $1 $11 24. Bf2 Qb5) 24. Nxd5 $16 Nxd5 25. Qxd5 Qb6+ 26. Qd4 Qb3 27. Rd2 a6 28. h4 Rac8 29. h5 (29. Kg2 $16) 29... Rc4 (29... gxh5 $11 30. Qe4 Rg8) 30. Qd3 Qb6+ 31. Kg2 Rcc8 32. Qe2 gxh5 33. f5 Rce8 34. f4 Rg8 {Threatens to win with ...h4!} 35. Qxh5 $2 {[%mdl 8192]} (35. Kh3 $16 {keeps the pressure on.}) 35... Qe3 $4 {[%mdl 8192]} (35... Bxe5 $1 $19 {and all is fine.} 36. fxe5 Qe3 {[%mdl 64] Double Attack}) 36. Re2 $18 Qd3 {[#]} 37. Qf3 $2 ({Only move:} 37. Rh1 $1 $18 {[%csl Gh1][%cal Rh5h7]} h6 38. Kh2) 37... Qxf5 $11 38. Qe4 Qg4 39. Qf3 Qd7 40. Rh1 Bf8 41. Qe4 {[%csl Ge4][%cal Rh1h7]} f5 42. Qf3 Re6 43. Rh3 Reg6 44. Kh2 Bc5 {[#]} 45. e6 $1 {[%mdl 512]} Qd1 (45... Qg7 $15) (45... Rxe6 46. Rxe6) 46. Qc3+ Bd4 {[%csl Gd4][%cal Rd1g1]} 47. Qe1 Qd3 $40 {[%mdl 128] aiming for ...Rxg3! Black is up to no good.} 48. e7 Re8 49. Rd2 Qc4 50. b3 Qc5 {[#]} (50... Qc3 $11 {keeps the balance.}) 51. Re2 $2 (51. Qd1 $1 $16) 51... Bf6 {[%cal Re8e7]} 52. Re6 ({White should play} 52. Bh4 $15 Bxh4 53. Rxh4) 52... Qc2+ (52... Rxe7 $17 53. Rxe7 Bxe7) 53. Kh1 $2 (53. Qf2 $1 $11 {and White has nothing to worry.} Qxf2+ 54. Bxf2) 53... Qxb3 $19 54. Qe2 $2 (54. Kh2) 54... Qd5+ $2 (54... Rxg3 $19 {is more deadly.} 55. Rxg3 Qxg3) 55. Kh2 $17 Qd7 (55... Kg8 $17 56. Qh5 Kf7) 56. Bh4 $11 Bg7 $2 {[%mdl 8192]} (56... Qd4 $11 57. Bxf6+ Rxf6) 57. Rxg6 {White mates.} hxg6 58. Bf6+ Kg8 59. Qc4+ {Accuracy: White = 32%, Black = 32%.} 1-0

[Event "Galatasaray Blitz Chess Tournament"]
[Site "Istanbul"]
[Date "2019.03.24"]
[Round "12.5"]
[White "Dastan, Muhammed Batuhan"]
[Black "Ozer, Omer Faruk"]
[Result "1-0"]
[WhiteElo "2561"]
[BlackElo "2369"]
[Annotator "TA"]
[PlyCount "53"]
[EventDate "2019.03.24"]
[EventType "swiss"]
[EventCountry "TUR"]
[SourceTitle "playchess.com"]
[Source "ChessBase"]
[SourceQuality "1"]

{[%evp 9,53,0,22,17,43,34,37,45,54,53,48,41,79,53,156,147,153,152,157,112,107,103,137,114,110,117,141,142,133,122,120,116,168,162,212,206,467,450,450,465,676,658,755,746,955,935]} 1. d4 d5 2. Bf4 c5 3. e3 Nc6 4. c3 Nf6 5. Nd2 Qb6 6. Qb3 {D00: 1 d4 d5: Unusual lines} c4 (6... Nh5 7. Qxb6 axb6 8. Bc7 cxd4 9. exd4 e5 10. Bxe5 Nxe5 11. dxe5 Bc5 12. g3 O-O {1-0 (76) Aronian,L (2765)-Caruana,F (2832) London 2018}) 7. Qc2 $1 g6 8. e4 {White is slightly better.} e6 9. e5 Nd7 10. Ngf3 Bg7 11. h4 h6 (11... f6 $1 $14) 12. b3 $146 ({Predecessor:} 12. g4 Nf8 {1-0 (33) Domenech,V (2158)-Amoyal,P (2234) Caen 2011}) 12... cxb3 13. axb3 Qc7 14. Bg3 b6 15. Bd3 Ne7 16. h5 {[%cal Rh5g6]} g5 17. Nh2 a5 18. Ng4 Ba6 19. Bxa6 Rxa6 20. Nf6+ Kd8 (20... Kf8 $16 {was called for.}) 21. Qd3 $36 {[%mdl 2048] Black is under strong pressure.} Ra8 22. O-O Nf5 $2 {[#]} (22... Qc6 23. Ng4 Rc8) 23. Nxd5 $1 $18 {[%mdl 512] White is clearly winning.} Qb7 (23... exd5 24. Qxf5) 24. Ne3 Ne7 (24... Nxg3 $142 25. fxg3 f5) 25. Ne4 Rf8 26. Nd6 Qc7 27. Qh7 {Accuracy: White = 88%, Black = 29%.} 1-0